[Event "Baku Chess Olympiad | Open"]
[Site "chess24.com"]
[Date "2016.09.05"]
[Round "4"]
[White "Izijk, Jimmy"]
[Black "Orio, Rogelio L."]
[Result "1-0"]
[Board "3"]
[WhiteID "7500041"]
[WhiteElo "1991"]
[WhiteTitle "CM"]
[WhiteCountry "AHO"]
[WhiteFideId "7500041"]
[WhiteEloChange "5"]
[BlackID "31000118"]
[BlackElo "1781"]
[BlackCountry "GUM"]
[BlackFideId "31000118"]
[BlackEloChange "-5"]

1. d4 {[%clk 1:30:48]} d6 {[%clk 1:30:36]} 2. Nf3 {[%clk 1:30:25]} Nf6 {[%clk
1:30:42]} 3. g3 {[%clk 1:30:28]} c6 {[%clk 1:29:34]} 4. Bg2 {[%clk 1:30:46]} Bf5
{[%clk 1:29:16]} 5. O-O {[%clk 1:29:56]} h6 {[%clk 1:28:56]} 6. c4 {[%clk
1:30:21]} Qd7 {[%clk 1:26:36]} 7. Re1 {[%clk 1:30:12]} Bh3 {[%clk 1:26:09]} 8.
Bh1 {[%clk 1:30:16]} Na6 {[%clk 1:25:42]} 9. Nc3 {[%clk 1:30:16]} Nc7 {[%clk
1:24:25]} 10. Qb3 {[%clk 1:27:50]} Rb8 {[%clk 1:18:43]} 11. e4 {[%clk 1:26:02]}
Ng4 {[%clk 1:15:49]} 12. Bd2 {[%clk 1:11:57]} e5 {[%clk 1:15:51]} 13. Rad1 {[%clk
1:11:33]} exd4 {[%clk 1:11:13]} 14. Nxd4 {[%clk 1:11:19]} g6 {[%clk 1:07:08]} 15.
Nce2 {[%clk 1:08:35]} Bg7 {[%clk 1:06:59]} 16. Bc3 {[%clk 1:08:13]} O-O {[%clk
1:06:36]} 17. Nf4 {[%clk 1:06:51]} Ne5 {[%clk 1:06:17]} 18. Nf3 {[%clk 0:56:45]}
Nxf3+ {[%clk 1:03:24]} 19. Bxf3 {[%clk 0:57:10]} Be6 {[%clk 1:03:33]} 20. Bxg7
{[%clk 0:52:58]} Kxg7 {[%clk 1:03:37]} 21. e5 {[%clk 0:47:35]} Ne8 {[%clk
1:02:41]} 22. exd6 {[%clk 0:47:19]} Rd8 {[%clk 1:00:34]} 23. Qc3+ {[%clk
0:46:39]} Kh7 {[%clk 0:59:19]} 24. Nxe6 {[%clk 0:42:57]} fxe6 {[%clk 0:59:40]}
25. c5 {[%clk 0:41:33]} Qf7 {[%clk 0:59:27]} 26. Re3 {[%clk 0:39:25]} h5 {[%clk
0:54:48]} 27. Rd2 {[%clk 0:37:02]} Rd7 {[%clk 0:52:01]} 28. Qe5 {[%clk 0:33:45]}
Ng7 {[%clk 0:51:52]} 29. Be4 {[%clk 0:32:11]} a5 {[%clk 0:50:25]} 30. Rf3 {[%clk
0:31:55]} Nf5 {[%clk 0:49:00]} 31. h3 {[%clk 0:31:30]} Qe8 {[%clk 0:40:39]} 32.
g4 {[%clk 0:30:45]} Rg7 {[%clk 0:34:36]} 33. Kf1 {[%clk 0:24:08]} Qf7 {[%clk
0:23:24]} 34. gxf5 {[%clk 0:18:38]} exf5 {[%clk 0:23:08]} 35. Bc2 {[%clk
0:18:03]} Re8 {[%clk 0:23:04]} 36. Qd4 {[%clk 0:17:06]} Qd7 {[%clk 0:18:15]} 37.
Re3 {[%clk 0:17:03]} Rxe3 {[%clk 0:14:11]} 38. Qxe3 {[%clk 0:16:32]} Rf7 {[%clk
0:14:25]} 39. Bb3 {[%clk 0:16:19]} Rg7 {[%clk 0:12:54]} 40. Re2 {[%clk 0:45:08]}
f4 {[%clk 0:43:06]} 41. Qe6 {[%clk 0:37:21]} f3 {[%clk 0:43:07]} 42. Re4 {[%clk
0:36:22]} Qd8 {[%clk 0:42:52]} 43. Rf4 {[%clk 0:33:50]} Qg5 {[%clk 0:41:50]} 44.
Rxf3 {[%clk 0:33:49]} Qxc5 {[%clk 0:41:08]} 45. d7 {[%clk 0:29:44]} Qc1+ {[%clk
0:40:48]} 46. Kg2 {[%clk 0:30:06]} Qg5+ {[%clk 0:40:37]} 47. Kh2 {[%clk 0:30:30]}
Kh6 {[%clk 0:37:33]} 48. Rg3 {[%clk 0:23:54]} Qd8 {[%clk 0:36:38]} 49. Bc2 {[%clk
0:23:34]} Qc7 {[%clk 0:36:38]} 50. d8Q {[%clk 0:23:34]} Qxd8 {[%clk 0:34:57]} 51.
Rxg6+ {[%clk 0:23:34]} 1-0

[Event "Baku Chess Olympiad | Open"]
[Site "chess24.com"]
[Date "2016.09.05"]
[Round "4"]
[White "Tagelsir, Abubaker"]
[Black "Frick, Renato"]
[Result "*"]
[Board "2"]
[WhiteID "12200875"]
[WhiteElo "2216"]
[WhiteTitle "FM"]
[WhiteCountry "SUD"]
[WhiteFideId "12200875"]
[BlackID "12000027"]
[BlackElo "2000"]
[BlackCountry "LIE"]
[BlackFideId "12000027"]

1. Nf3 {[%clk 1:30:51]} Nf6 {[%clk 1:30:47]} 2. g3 {[%clk 1:31:10]} b5 {[%clk
1:29:08]} 3. Bg2 {[%clk 1:31:32]} Bb7 {[%clk 1:29:32]} 4. O-O {[%clk 1:31:41]} e6
{[%clk 1:26:53]} 5. d3 {[%clk 1:29:41]} d5 {[%clk 1:24:36]} 6. Nd4 {[%clk
1:22:49]} a6 {[%clk 1:24:13]} 7. c4 {[%clk 1:22:59]} c5 {[%clk 1:21:18]} 8. Nb3
{[%clk 1:22:28]} Qc7 {[%clk 1:12:52]} 9. Bf4 {[%clk 1:14:25]} e5 {[%clk 1:07:09]}
10. Bg5 {[%clk 1:05:08]} bxc4 {[%clk 1:04:40]} 11. dxc4 {[%clk 1:05:20]} d4
{[%clk 1:04:50]} 12. e3 {[%clk 0:58:13]} Bxg2 {[%clk 1:02:29]} 13. Kxg2 {[%clk
0:58:27]} Be7 {[%clk 0:39:34]} 14. Bxf6 {[%clk 0:55:47]} Bxf6 {[%clk 0:39:02]}
15. e4 {[%clk 0:52:01]} O-O {[%clk 0:35:49]} 16. N1d2 {[%clk 0:52:21]} a5 {[%clk
0:34:28]} 17. Nf3 {[%clk 0:46:54]} a4 {[%clk 0:28:16]} 18. Nc1 {[%clk 0:42:18]}
Nc6 {[%clk 0:27:06]} 19. Nd3 {[%clk 0:40:13]} Be7 {[%clk 0:27:21]} 20. Re1 {[%clk
0:37:56]} Bd6 {[%clk 0:26:29]} 21. Qd2 {[%clk 0:35:23]} Rfb8 {[%clk 0:24:41]} 22.
Rad1 {[%clk 0:28:05]} Nb4 {[%clk 0:23:08]} 23. Nc1 {[%clk 0:27:58]} Rb6 {[%clk
0:22:17]} 24. h4 {[%clk 0:26:59]} Rab8 {[%clk 0:21:54]} 25. Re2 {[%clk 0:27:23]}
f6 {[%clk 0:20:07]} 26. a3 {[%clk 0:24:48]} Nc6 {[%clk 0:20:20]} 27. Nd3 {[%clk
0:25:12]} Ra6 {[%clk 0:17:54]} 28. Rc1 {[%clk 0:18:06]} Na5 {[%clk 0:17:57]} 29.
Qc2 {[%clk 0:18:28]} Nb3 {[%clk 0:18:13]} 30. Rh1 {[%clk 0:18:50]} Qf7 {[%clk
0:17:25]} 31. h5 {[%clk 0:18:16]} Rab6 {[%clk 0:13:30]} 32. g4 {[%clk 0:13:28]}
Qe6 {[%clk 0:06:38]} 33. Nh2 {[%clk 0:13:49]} g5 {[%clk 0:06:55]} 34. Rd1 {[%clk
0:10:05]} Qd7 {[%clk 0:06:18]} 35. f3 {[%clk 0:07:46]} Na5 {[%clk 0:05:45]} 36.
Nf1 {[%clk 0:07:58]} Bf8 {[%clk 0:03:12]} 37. Ng3 {[%clk 0:08:14]} Nb7 {[%clk
0:02:56]} 38. Nf5 {[%clk 0:08:02]} Nd8 {[%clk 0:03:16]} 39. Rdd2 {[%clk 0:03:44]}
Ne6 {[%clk 0:03:39]} 40. Kf2 {[%clk 0:33:40]} h6 {[%clk 0:33:52]} 41. Qd1 {[%clk
0:32:26]} Rb3 {[%clk 0:33:26]} 42. Nc1 {[%clk 0:31:51]} R3b6 {[%clk 0:31:44]} 43.
Nd3 {[%clk 0:32:15]} Qa7 {[%clk 0:31:02]} 44. Qc1 {[%clk 0:23:38]} Rb3 {[%clk
0:31:03]} 45. Kg3 {[%clk 0:17:51]} Qa6 {[%clk 0:27:35]} 46. Kf2 {[%clk 0:17:53]}
R8b6 {[%clk 0:26:46]} 47. Re1 {[%clk 0:16:58]} Qb7 {[%clk 0:26:09]} 48. Ree2
{[%clk 0:17:22]} Qb8 {[%clk 0:21:40]} 49. Kg1 {[%clk 0:17:16]} Rb7 {[%clk
0:12:42]} 50. Kf2 {[%clk 0:16:15]} Qa8 {[%clk 0:12:11]} 51. Kg3 {[%clk 0:15:23]}
Rd7 {[%clk 0:11:58]} 52. Rf2 {[%clk 0:11:28]} Qa6 {[%clk 0:11:22]} 53. Qc2 {[%clk
0:09:26]} Rb8 {[%clk 0:11:20]} 54. Kh2 {[%clk 0:09:20]} Qa5 {[%clk 0:11:22]} 55.
Rg2 {[%clk 0:08:48]} Rdb7 {[%clk 0:11:36]} 56. Qc1 {[%clk 0:09:10]} Rb3 {[%clk
0:11:28]} 57. Rgf2 {[%clk 0:09:30]} Qa7 {[%clk 0:10:31]} 58. Kg1 {[%clk 0:09:34]}
Nc7 {[%clk 0:10:38]} 59. Qf1 {[%clk 0:09:03]} Ne6 {[%clk 0:09:48]} 60. Qc1 {[%clk
0:07:39]} Qa5 {[%clk 0:09:34]} 61. Kh2 {[%clk 0:07:56]} Qa6 {[%clk 0:09:26]} 62.
Kg1 {[%clk 0:07:15]} R8b7 {[%clk 0:08:43]} 63. Kh2 {[%clk 0:07:39]} Qa7 {[%clk
0:08:21]} 64. Qf1 {[%clk 0:07:10]} Qb8 {[%clk 0:08:36]} 65. Qc1 {[%clk 0:07:26]}
Kh7 {[%clk 0:08:59]} 66. Qd1 {[%clk 0:07:31]} Qa7 {[%clk 0:08:19]} 67. Nc1 {[%clk
0:06:51]} R3b6 {[%clk 0:08:39]} 68. Nd3 {[%clk 0:07:16]} Rb8 {[%clk 0:08:21]} 69.
Qc1 {[%clk 0:07:21]} Be7 {[%clk 0:06:42]} 70. Nxe7 {[%clk 0:07:38]} Qxe7 {[%clk
0:07:07]} 71. Qd1 {[%clk 0:07:17]} Qa7 {[%clk 0:07:21]} 72. Qc1 {[%clk 0:07:30]}
Qa6 {[%clk 0:07:08]} 73. Rg2 {[%clk 0:07:59]} Rb3 {[%clk 0:07:13]} 74. Rgf2
{[%clk 0:08:22]} Qa5 {[%clk 0:06:32]} 75. Qc2 {[%clk 0:06:37]} Qa7 {[%clk
0:05:35]} 76. Kh1 {[%clk 0:05:33]} R3b7 {[%clk 0:05:13]} 77. Kh2 {[%clk 0:05:57]}
Rd7 {[%clk 0:04:13]} 78. Kh1 {[%clk 0:05:46]} Rb3 {[%clk 0:04:20]} 79. Kh2 {[%clk
0:06:03]} Nd8 {[%clk 0:03:50]} 80. Nc1 {[%clk 0:05:08]} Rbb7 {[%clk 0:03:51]} 81.
Nd3 {[%clk 0:05:02]} Nf7 {[%clk 0:04:32]} 82. Rd1 {[%clk 0:02:33]} Nd6 {[%clk
0:04:21]} 83. Rfd2 {[%clk 0:02:49]} Rb3 {[%clk 0:04:35]} 84. Kg2 {[%clk 0:03:05]}
Rc7 {[%clk 0:04:32]} 85. Nc1 {[%clk 0:03:03]} Rb8 {[%clk 0:04:35]} 86. Nd3 {[%clk
0:03:29]} Qa6 {[%clk 0:04:26]} 87. Rc1 {[%clk 0:03:53]} Rb3 {[%clk 0:04:36]} 88.
Re2 {[%clk 0:04:00]} Rc8 {[%clk 0:03:18]} 89. Rd2 {[%clk 0:04:25]} Kg7 {[%clk
0:03:09]} 90. Re2 {[%clk 0:04:51]} Kf7 {[%clk 0:03:34]} 91. Rd2 {[%clk 0:05:17]}
Ke7 {[%clk 0:03:30]} 92. Re2 {[%clk 0:05:37]} Qc6 {[%clk 0:03:24]} 93. Qd1 {[%clk
0:05:13]} Rcb8 {[%clk 0:03:43]} 94. Rcc2 {[%clk 0:05:14]} Ne8 {[%clk 0:04:02]}
95. Red2 {[%clk 0:05:23]} Ng7 {[%clk 0:04:23]} 96. Nc1 {[%clk 0:05:31]} R3b7
{[%clk 0:04:44]} 97. Rf2 {[%clk 0:05:30]} Ne6 {[%clk 0:05:10]} 98. Nd3 {[%clk
0:05:45]} Rb3 {[%clk 0:05:33]} 99. Kh2 {[%clk 0:05:57]} Qb6 {[%clk 0:05:32]} 100.
Rcd2 {[%clk 0:04:53]} Qa6 {[%clk 0:05:45]} 101. Qc1 {[%clk 0:05:11]} R8b6 {[%clk
0:05:24]} 102. Kg1 {[%clk 0:04:50]} Qb7 {[%clk 0:05:32]} 103. Qc2 {[%clk
0:05:01]} *

[Event "Baku Chess Olympiad | Open"]
[Site "chess24.com"]
[Date "2016.09.05"]
[Round "4"]
[White "Rossini, Paul"]
[Black "Amewounou, Komlan Kouessan"]
[Result "1/2-1/2"]
[Board "1"]
[WhiteID "11800020"]
[WhiteElo "1692"]
[WhiteCountry "SMR"]
[WhiteFideId "11800020"]
[WhiteEloChange "3"]
[BlackID "21200017"]
[BlackElo "1798"]
[BlackCountry "TOG"]
[BlackFideId "21200017"]
[BlackEloChange "-3"]

1. e4 {[%clk 1:30:57]} c5 {[%clk 1:30:09]} 2. Bc4 {[%clk 1:31:17]} e6 {[%clk
1:29:04]} 3. Nc3 {[%clk 1:30:53]} Nc6 {[%clk 1:28:20]} 4. d3 {[%clk 1:28:46]} g6
{[%clk 1:26:52]} 5. a3 {[%clk 1:25:19]} a6 {[%clk 1:26:24]} 6. Nge2 {[%clk
1:21:24]} Bg7 {[%clk 1:26:22]} 7. f4 {[%clk 1:21:00]} Nge7 {[%clk 1:20:11]} 8.
O-O {[%clk 1:20:11]} d5 {[%clk 1:18:09]} 9. Ba2 {[%clk 1:15:16]} O-O {[%clk
1:18:09]} 10. Ng3 {[%clk 1:15:16]} b5 {[%clk 1:10:28]} 11. e5 {[%clk 1:11:31]}
Nd4 {[%clk 1:10:33]} 12. Nce2 {[%clk 1:09:44]} Ndf5 {[%clk 1:10:36]} 13. Qe1
{[%clk 1:04:39]} Bb7 {[%clk 1:08:19]} 14. Nxf5 {[%clk 1:00:48]} Nxf5 {[%clk
1:08:28]} 15. Ng3 {[%clk 0:58:02]} Nh4 {[%clk 1:08:07]} 16. Bd2 {[%clk 0:52:17]}
a5 {[%clk 1:06:26]} 17. b4 {[%clk 0:51:07]} axb4 {[%clk 1:06:14]} 18. axb4 {[%clk
0:51:26]} c4 {[%clk 1:06:27]} 19. d4 {[%clk 0:51:43]} c3 {[%clk 1:00:27]} 20.
Bxc3 {[%clk 0:49:33]} Qc7 {[%clk 0:58:20]} 21. Bb3 {[%clk 0:42:08]} Rfc8 {[%clk
0:56:59]} 22. Bd2 {[%clk 0:39:51]} Qb6 {[%clk 0:53:26]} 23. c3 {[%clk 0:39:40]}
Bf8 {[%clk 0:53:01]} 24. Nh5 {[%clk 0:36:45]} Nf5 {[%clk 0:49:27]} 25. Nf6+
{[%clk 0:36:13]} Kg7 {[%clk 0:48:32]} 26. g4 {[%clk 0:33:43]} Nxd4 {[%clk
0:38:30]} 27. Be3 {[%clk 0:24:01]} Rxa1 {[%clk 0:38:10]} 28. Qxa1 {[%clk
0:16:46]} Ne2+ {[%clk 0:38:21]} 29. Kf2 {[%clk 0:16:39]} d4 {[%clk 0:37:19]} 30.
cxd4 {[%clk 0:14:39]} Rc3 {[%clk 0:33:45]} 31. Kxe2 {[%clk 0:10:07]} Rxb3 {[%clk
0:33:56]} 32. Bd2 {[%clk 0:10:00]} Qc6 {[%clk 0:30:55]} 33. Qc1 {[%clk 0:02:33]}
Qg2+ {[%clk 0:25:16]} 34. Ke1 {[%clk 0:01:54]} Bf3 {[%clk 0:25:02]} 35. Rxf3
{[%clk 0:00:44]} Qxf3 {[%clk 0:25:19]} 36. Qc2 {[%clk 0:01:02]} Re3+ {[%clk
0:25:25]} 37. Bxe3 {[%clk 0:01:08]} Qxe3+ {[%clk 0:25:47]} 38. Qe2 {[%clk
0:01:02]} Bxb4+ {[%clk 0:26:09]} 39. Kf1 {[%clk 0:00:53]} Qxf4+ {[%clk 0:26:08]}
40. Qf2 {[%clk 0:00:58]} Qxf2+ {[%clk 0:24:49]} 41. Kxf2 {[%clk 0:31:17]} Bc3
{[%clk 0:54:34]} 42. Ke3 {[%clk 0:30:10]} b4 {[%clk 0:54:47]} 43. Ne4 {[%clk
0:28:40]} Ba1 {[%clk 0:54:34]} 44. Nd2 {[%clk 0:28:43]} g5 {[%clk 0:53:05]} 45.
Nb3 {[%clk 0:27:20]} Bc3 {[%clk 0:53:16]} 46. Kd3 {[%clk 0:26:02]} Kg6 {[%clk
0:52:48]} 47. Ke2 {[%clk 0:25:44]} f5 {[%clk 0:53:04]} 48. h3 {[%clk 0:24:44]}
fxg4 {[%clk 0:53:16]} 49. hxg4 {[%clk 0:24:46]} h5 {[%clk 0:53:37]} 50. gxh5+
{[%clk 0:24:54]} Kxh5 {[%clk 0:53:56]} 51. Kf2 {[%clk 0:22:36]} Kg4 {[%clk
0:54:14]} 52. Ke3 {[%clk 0:21:24]} Kh3 {[%clk 0:53:48]} 53. Nc5 {[%clk 0:21:43]}
g4 {[%clk 0:53:57]} 54. Nxe6 {[%clk 0:21:59]} b3 {[%clk 0:53:43]} 55. Nf4+ {[%clk
0:21:02]} Kh2 {[%clk 0:53:46]} 56. Ne2 {[%clk 0:20:47]} Bb4 {[%clk 0:52:30]} 57.
Kd3 {[%clk 0:19:50]} b2 {[%clk 0:52:07]} 58. Kc2 {[%clk 0:20:10]} Ba3 {[%clk
0:52:11]} 59. d5 {[%clk 0:20:17]} Kg2 {[%clk 0:52:07]} 60. d6 {[%clk 0:20:06]}
Kf3 {[%clk 0:50:46]} 61. d7 {[%clk 0:19:10]} Be7 {[%clk 0:50:58]} 62. Nd4+ {[%clk
0:17:59]} Ke4 {[%clk 0:50:29]} 63. Nc6 {[%clk 0:13:29]} Bh4 {[%clk 0:50:13]} 64.
e6 {[%clk 0:13:51]} g3 {[%clk 0:49:34]} 65. e7 {[%clk 0:14:06]} Bxe7 {[%clk
0:49:53]} 66. Nxe7 {[%clk 0:14:23]} g2 {[%clk 0:50:14]} 67. d8Q {[%clk 0:14:23]}
g1Q {[%clk 0:50:25]} 68. Qd5+ {[%clk 0:14:30]} Kf4 {[%clk 0:50:25]} 69. Qf5+
{[%clk 0:14:21]} Kg3 {[%clk 0:50:12]} 70. Qg5+ {[%clk 0:11:57]} 1/2-1/2

[Event "Baku Chess Olympiad | Open"]
[Site "chess24.com"]
[Date "2016.09.05"]
[Round "4"]
[White "Kawuma, Patrick"]
[Black "Mohamed Hassan"]
[Result "1-0"]
[Board "1"]
[WhiteID "10000127"]
[WhiteElo "2261"]
[WhiteTitle "FM"]
[WhiteCountry "UGA"]
[WhiteFideId "10000127"]
[WhiteEloChange "2"]
[BlackID "16700058"]
[BlackElo "1855"]
[BlackTitle "CM"]
[BlackCountry "MDV"]
[BlackFideId "16700058"]
[BlackEloChange "-2"]

1. c4 {[%clk 1:30:56]} Nf6 {[%clk 1:30:48]} 2. Nc3 {[%clk 1:29:43]} e5 {[%clk
1:30:13]} 3. Nf3 {[%clk 1:28:19]} Nc6 {[%clk 1:30:15]} 4. d4 {[%clk 1:27:50]}
exd4 {[%clk 1:30:37]} 5. Nxd4 {[%clk 1:28:17]} Bb4 {[%clk 1:27:12]} 6. Bg5 {[%clk
1:25:11]} O-O {[%clk 1:26:52]} 7. e3 {[%clk 1:25:11]} Bxc3+ {[%clk 1:26:21]} 8.
bxc3 {[%clk 1:25:38]} Qe7 {[%clk 1:25:43]} 9. Be2 {[%clk 1:22:25]} d6 {[%clk
1:22:26]} 10. Rb1 {[%clk 1:16:50]} Ne5 {[%clk 1:19:46]} 11. h3 {[%clk 1:12:20]}
h6 {[%clk 1:18:36]} 12. Bf4 {[%clk 1:12:42]} a6 {[%clk 1:14:23]} 13. O-O {[%clk
1:11:31]} c5 {[%clk 1:12:52]} 14. Nf3 {[%clk 0:54:08]} Ne4 {[%clk 1:11:56]} 15.
Qc2 {[%clk 0:44:23]} Bf5 {[%clk 0:57:01]} 16. Bxe5 {[%clk 0:44:02]} Ng3 {[%clk
0:56:43]} 17. Bd3 {[%clk 0:42:39]} Bxd3 {[%clk 0:56:30]} 18. Qxd3 {[%clk
0:43:01]} dxe5 {[%clk 0:56:26]} 19. fxg3 {[%clk 0:41:52]} e4 {[%clk 0:56:47]} 20.
Qd5 {[%clk 0:38:52]} exf3 {[%clk 0:57:06]} 21. Rxf3 {[%clk 0:39:06]} Rab8 {[%clk
0:57:00]} 22. Qf5 {[%clk 0:32:32]} Rbd8 {[%clk 0:53:55]} 23. Rb2 {[%clk 0:29:22]}
Rd6 {[%clk 0:50:43]} 24. Kh2 {[%clk 0:25:45]} Re6 {[%clk 0:49:48]} 25. Qb1 {[%clk
0:22:53]} Rb8 {[%clk 0:49:00]} 26. Rb6 {[%clk 0:12:45]} Rxb6 {[%clk 0:47:07]} 27.
Qxb6 {[%clk 0:12:37]} Rc8 {[%clk 0:47:17]} 28. Rf5 {[%clk 0:08:21]} Rc6 {[%clk
0:47:03]} 29. Qa7 {[%clk 0:08:29]} Qc7 {[%clk 0:43:55]} 30. e4 {[%clk 0:06:38]}
Qc8 {[%clk 0:43:57]} 31. Rd5 {[%clk 0:06:02]} g6 {[%clk 0:43:43]} 32. e5 {[%clk
0:05:52]} Kg7 {[%clk 0:43:11]} 33. Rd6 {[%clk 0:04:59]} h5 {[%clk 0:41:21]} 34.
Rxc6 {[%clk 0:02:45]} Qxc6 {[%clk 0:36:43]} 35. Qb8 {[%clk 0:03:03]} Qd7 {[%clk
0:35:06]} 36. a3 {[%clk 0:02:24]} a5 {[%clk 0:35:06]} 37. h4 {[%clk 0:01:09]} a4
{[%clk 0:34:53]} 38. Qa7 {[%clk 0:01:04]} Qc6 {[%clk 0:34:37]} 39. Qa5 {[%clk
0:01:14]} b6 {[%clk 0:33:05]} 40. Qa7 {[%clk 0:30:39]} g5 {[%clk 0:55:39]} 41.
Qe7 {[%clk 0:23:50]} gxh4 {[%clk 0:53:33]} 42. Qxh4 {[%clk 0:23:48]} Qg6 {[%clk
0:52:44]} 43. Qf4 {[%clk 0:24:05]} Kf8 {[%clk 0:50:21]} 44. Kh3 {[%clk 0:23:51]}
Ke7 {[%clk 0:49:45]} 45. Kh4 {[%clk 0:19:26]} Ke6 {[%clk 0:48:24]} 46. Qf6+
{[%clk 0:10:39]} Qxf6+ {[%clk 0:47:40]} 47. exf6 {[%clk 0:10:57]} Kxf6 {[%clk
0:47:17]} 48. Kxh5 {[%clk 0:11:15]} Kf5 {[%clk 0:41:05]} 49. g4+ {[%clk 0:11:32]}
Kf4 {[%clk 0:40:55]} 50. Kh4 {[%clk 0:11:54]} Ke5 {[%clk 0:25:59]} 51. Kg5 {[%clk
0:11:55]} Ke6 {[%clk 0:22:44]} 52. Kh6 {[%clk 0:09:36]} Kf6 {[%clk 0:15:37]} 53.
g5+ {[%clk 0:09:43]} Ke6 {[%clk 0:14:08]} 54. g6 {[%clk 0:09:55]} fxg6 {[%clk
0:14:20]} 55. Kxg6 {[%clk 0:10:15]} Ke5 {[%clk 0:14:46]} 56. g4 {[%clk 0:10:29]}
Ke4 {[%clk 0:15:05]} 57. Kf6 {[%clk 0:10:31]} Kd3 {[%clk 0:15:30]} 58. g5 {[%clk
0:10:53]} Kxc4 {[%clk 0:12:40]} 59. g6 {[%clk 0:11:22]} Kxc3 {[%clk 0:11:53]} 60.
g7 {[%clk 0:11:47]} Kb3 {[%clk 0:10:41]} 61. g8Q+ {[%clk 0:11:47]} Kxa3 {[%clk
0:10:41]} 62. Qc4 {[%clk 0:10:52]} Kb2 {[%clk 0:10:32]} 63. Qxa4 {[%clk 0:11:11]}
1-0